000 00731nam a2200253Ia 4500
003 OSt
005 20220918220111.0
006 a|||||r|||| 00| 0
007 ta
008 220917b |||||||| |||| 00| 0 eng d
024 _a144,468
037 _cTextual
040 _aARTS
_cARTS
_beng
041 _2eng
_aeng
082 _aY1741:3, J8;K5
100 _aFreedman Maurice
_921410
245 0 _aLineage organisation in southeastern China
260 _aNew York
_bAthlone Press
_c1965
300 _avii, 151p.
_ccm.
490 _aLondon school of economic monographs on social anthropology; 18
650 _aSOCIOLOGY
942 _hY1741:3, J8;K5
_cTEXL
_2CC
999 _c267379
_d267379